MASS COMMUNICATIO+B48:R50N THEORY AND APPLICATION (Record no. 877053)

MARC details
000 -LEADER
fixed length control field 00395nam a2200145Ia 4500
008 - FIXED-LENGTH DATA ELEMENTS--GENERAL INFORMATION
fixed length control field 231004s2010 xx 000 0 und d
020 ## - INTERNATIONAL STANDARD BOOK NUMBER
International Standard Book Number 8189996246
041 ## - LANGUAGE CODE
Language code of text/sound track or separate title eng
082 ## - DEWEY DECIMAL CLASSIFICATION NUMBER
Classification number 302.201
Item number BHA
100 ## - MAIN ENTRY--PERSONAL NAME
Personal name BHATNAGAR, S K
245 ## - TITLE STATEMENT
Title MASS COMMUNICATIO+B48:R50N THEORY AND APPLICATION
260 ## - PUBLICATION, DISTRIBUTION, ETC.
Place of publication, distribution, etc. NEW DELHI
Name of publisher, distributor, etc. SHRI SAI PRINTO GRAPHERS
Date of publication, distribution, etc. 2010
300 ## - PHYSICAL DESCRIPTION
Extent 372
650 ## - SUBJECT ADDED ENTRY--TOPICAL TERM
Topical term or geographic name entry element SPORTS JOURNALISM
Holdings
Withdrawn status Lost status Source of classification or shelving scheme Damaged status Not for loan Home library Current library Shelving location Date acquired Cost, normal purchase price Total Checkouts Full call number Barcode Date last seen Price effective from Koha item type
    Dewey Decimal Classification     College of Physical Education, Pune College of Physical Education, Pune R14/6 01/03/2022 1295.00   302.201/BHA PEP-BPED-5056 06/10/2023 06/10/2023 Book